00650 a2200169 4500003000500000005001700005022001500022040000900037082001500046100002700061245006900088260003000157300001800187505023600205650002000441651001900461NUST20230606170345.0 a817656706X cNust a005.73,KAN aKanetkar, Yashavant P. aData structures through C (Include CD) / cYashavant P. Kanetkar aNew DelhibBPB Pub.c2003 aviii, 616 p.; aAnalysis of Algorithms (Page-1), Arrays (Page-19), Strings (PAge-65), Linked Lists (Page-103), Sparse Matrices (Page-225), Stacks (Page-281), Queues (Page-331), Trees (Page-373), Searching and Sorting (Page-525), Graphs (Page-583). aData structures a(Include CD)